Random 20 China prefecture-level regions (including Taiwan) on a map - Statistics

General Stats
  • This quiz has been taken 110 times
  • The average score is 16 of 20
Answers on the Map
Answers color-coded by a green-red scale on the quiz's map according to % correct below.
 
Answer Stats
prefecture-level regions % Correct
Altay region
100%
Anshan
100%
Anshun
100%
Baisha Li Autonomous County
100%
Baishan
100%
Baoding
100%
Baoshan
100%
Baotou
100%
Bayannur
100%
Bayingolin Mongolian Autonomous Prefecture
100%
Bazhong
100%
Beihai
100%
Beijing
100%
Beitun
100%
Bengbu
100%
Benxi
100%
Binzhou
100%
Bozhou
100%
Cangzhou
100%
Changchun
100%
Changhua County
100%
Changsha
100%
Changzhi
100%
Chaozhou
100%
Chengde
100%
Chengdu
100%
Chengmai County
100%
Chifeng
100%
Chizhou
100%
Chongqing
100%
Chongzuo
100%
Chuxiong Yi Autonomous Prefecture
100%
Chuzhou
100%
Dalian
100%
Dali Bai Autonomous Prefecture
100%
Dandong
100%
Danzhou
100%
Daqing
100%
Dazhou
100%
Dehong Dai and Jingpo Autonomous Prefecture
100%
Dezhou
100%
Dongfang
100%
Dongying
100%
Enshi Tujia and Miao Autonomous Prefecture
100%
Ezhou
100%
Fangchenggang
100%
Foshan
100%
Gannan Tibetan Autonomous Prefecture
100%
Ganzhou
100%
Guang'an
100%
Guangyuan
100%
Guangzhou
100%
Guiyang
100%
Guoluo Tibetan Autonomous Prefecture
100%
Haibei Tibetan Autonomous Prefecture
100%
Hainan Tibetan Autonomous Prefecture
100%
Hangzhou
100%
Hanzhong
100%
Harbin
100%
Hefei
100%
Heihe
100%
Hengshui
100%
Hengyang
100%
Heze
100%
Hinggan League
100%
Hong Kong Special Administrative Region
100%
Huai'an
100%
Huaibei
100%
Huainan
100%
Hualien County
100%
Huangshi
100%
Huludao
100%
Huzhou
100%
Jincheng
100%
Jingzhou
100%
Jinhua
100%
Jiujiang
100%
Jiuquan
100%
Kaohsiung
100%
Kashgar region
100%
Kokdara
100%
Langfang
100%
Leshan
100%
Lhasa
100%
Liangshan Yi Autonomous Prefecture
100%
Lianyungang
100%
Liaocheng
100%
Liaoyang
100%
Lincang
100%
Linfen
100%
Linxia Hui Autonomous Prefecture
100%
Linyi
100%
Lishui
100%
Liuzhou
100%
Longyan
100%
Loudi
100%
Lu'an
100%
Luohe
100%
Luoyang
100%
Luzhou
100%
Ma'anshan
100%
Meizhou
100%
Mudanjiang
100%
Nagqu
100%
Nanchang
100%
Nanning
100%
Nantong
100%
Nantou county
100%
Ningbo
100%
Panjin
100%
Panzhihua
100%
Pingtung County
100%
Putian
100%
Puyang
100%
Qamdo
100%
Qiannan Buyi and Miao Autonomous Prefecture
100%
Qianxinan Buyi and Miao Autonomous Prefecture
100%
Qingdao
100%
Qingyuan
100%
Qinhuangdao
100%
Qinzhou
100%
Qitaihe
100%
Quanzhou
100%
Rizhao
100%
Sanmenxia
100%
Shanghai
100%
Shangqiu
100%
Shangrao
100%
Shannan
100%
Shantou
100%
Shanwei
100%
Shenzhen
100%
Shihezi
100%
Shijiazhuang
100%
Shiyan
100%
Shuozhou
100%
Suzhou
100%
Tacheng area
100%
Tainan
100%
Taitung County
100%
Taizhou
100%
Taizhou
100%
Tangshan
100%
Tianjin
100%
Tianshui
100%
Tongchuan
100%
Tongling
100%
Weifang
100%
Weihai
100%
Wenzhou
100%
Wuhan
100%
Wuhu
100%
Wuwei
100%
Wuxi
100%
Wuzhishan
100%
Wuzhou
100%
Xiamen
100%
Xi'an
100%
Xiangxi Tujia and Miao Autonomous Prefecture
100%
Xiangyang
100%
Xiantao
100%
Xilingol League
100%
Xining
100%
Xinzhou
100%
Xishuangbanna Dai Autonomous Prefecture
100%
Xuchang
100%
Xuzhou
100%
Ya'an
100%
Yanbian Korean Autonomous Prefecture
100%
Yangjiang
100%
Yangzhou
100%
Yantai
100%
Yibin
100%
Yichang
100%
Yichun
100%
Yinchuan
100%
Yingkou
100%
Yingtan
100%
Yongzhou
100%
Yulin
100%
Yulin
100%
Yushu Tibetan Autonomous Prefecture
100%
Zhangjiakou
100%
Zhangzhou
100%
Zhaoqing
100%
Zhaotong
100%
Zhengzhou
100%
Zhongshan
100%
Zhongwei
100%
Zhumadian
100%
Zhuzhou
100%
Ziyang
100%
Zunyi
100%
Shaoxing
89%
Yunfu
88%
Fuzhou
83%
Huaihua
83%
Luliang
83%
Tieling
83%
Changde
80%
Hohhot
80%
Hsinchu
80%
Hulunbuir
80%
Jiaxing
80%
Jingmen
80%
Lanzhou
80%
Qujing
80%
Xianyang
80%
Yichun
80%
Fuyang
75%
Guilin
75%
Haixi Mongolian and Tibetan Autonomous Prefecture
75%
Handan
75%
Jinzhou
75%
Longnan
75%
Mianyang
75%
Nanchong
75%
Ningde
75%
Pingxiang
75%
Qianjiang
75%
Shangluo
75%
Shaoyang
75%
Suqian
75%
Suzhou
75%
Taian
75%
Taiyuan
75%
Tonghua
75%
Tumushuk
75%
Xianning
75%
Xinxiang
75%
Yan'an
75%
Yilan County
75%
Zaozhuang
75%
Zhangjiajie
75%
Zhangye
75%
Anyang
67%
Baoting Li and Miao Autonomous County
67%
Bijie
67%
Changji Hui Autonomous Prefecture
67%
Chenzhou
67%
Chiayi
67%
Datong
67%
Deyang
67%
Fushun
67%
Garze Tibetan Autonomous Prefecture
67%
Haidong
67%
Hechi
67%
Honghe Hani and Yi Autonomous Prefecture
67%
Hotan area
67%
Hsinchu County
67%
Huizhou
67%
Jiamusi
67%
Jilin
67%
Jingdezhen
67%
Jining
67%
Jinzhong
67%
Jixi
67%
Jiyuan
67%
Kinmen County
67%
Kunming
67%
Liupanshui
67%
Nanping
67%
Nanyang
67%
Ordos
67%
Qiqihar
67%
Sanming
67%
Sansha
67%
Suining
67%
Taichung
67%
Tongliao
67%
Ulanqab
67%
Wujiaqu
67%
Wuzhong
67%
Xinyang
67%
Xinyu
67%
Yancheng
67%
Zhanjiang
67%
Zhuhai
67%
Baoji
63%
Ji'an
60%
Jiaozuo
60%
Linzhi
60%
Pingdingshan
60%
Shaoguan
60%
Tiemenguan
60%
Wuhai
60%
Xiangtan
60%
Zibo
60%
Aksu region
50%
Alxa League
50%
Ankang
50%
Anqing
50%
Baicheng
50%
Baiyin
50%
Chaoyang
50%
Daxinganling area
50%
Dongguan
50%
Fuxin
50%
Fuzhou
50%
Guigang
50%
Hami
50%
Hebi
50%
Heyuan
50%
Jiangmen
50%
Jiayuguan
50%
Jieyang
50%
Kaifeng
50%
Liaoyuan
50%
Lijiang
50%
Lingshui Li Autonomous County
50%
Maoming
50%
Miaoli County
50%
Neijiang
50%
New Taipei
50%
Penghu County
50%
Pingliang
50%
Pu'er
50%
Qiandongnan Miao and Dong Autonomous Prefecture
50%
Qiongzhong Li and Miao Autonomous County
50%
Quzhou
50%
Sanya
50%
Shennongjia Forest District
50%
Shizuishan
50%
Shuangyashan
50%
Siping
50%
Suizhou
50%
Weinan
50%
Wenchang
50%
Wenshan Zhuang and Miao Autonomous Prefecture
50%
Xiaogan
50%
Yuncheng
50%
Zhoushan
50%
Zigong
50%
Changjiang Li Autonomous County
40%
Yunlin County
40%
Baise
33%
Karamay
33%
Nanjing
33%
Qionghai
33%
Shigatse
33%
Yuxi
33%
Ali area
25%
Keelung
25%
Kizilsu Kirgiz Autonomous Prefecture
25%
Macao Special Administrative Region
25%
Shuanghe
25%
Ding'an County
20%
Aba Tibetan and Qiang Autonomous Prefecture
0%
Aral
0%
Bortala Mongolian Autonomous Prefecture
0%
Changzhou
0%
Chiayi County
0%
Dingxi
0%
Diqing Tibetan Autonomous Prefecture
0%
Guyuan
0%
Haikou
0%
Hegang
0%
Hezhou
0%
Huanggang
0%
Huangnan Tibetan Autonomous Prefecture
0%
Huangshan
0%
Huyanghe
0%
Ili Kazakh Autonomous Prefecture
0%
Jinan
0%
Jinchang
0%
Kunyu
0%
Laibin
0%
Ledong Li Autonomous County
0%
Lianjiang County (Matsu)
0%
Lingao County
0%
Meishan
0%
Nujiang Lisu Autonomous Prefecture
0%
Qingyang
0%
Shenyang
0%
Songyuan
0%
Suihua
0%
Taipei
0%
Taoyuan
0%
Tianmen
0%
Tongren
0%
Tunchang County
0%
Turpan
0%
Urumqi
0%
Wanning
0%
Xingtai
0%
Xuancheng
0%
Yangquan
0%
Yiyang
0%
Yueyang
0%
Zhenjiang
0%
Zhoukou
0%
No matching quizzes found
Score Distribution
Percent of People with Each Score
Percentile by Number Answered
Your Score History
You have not taken this quiz